000 01384nam a22002417a 4500
003 OSt
005 20220201123853.0
008 140514b xxu||||| |||| 00| 0 eng d
010 _a2007052438
020 _a9780136007173
020 _a0136007171
040 _cLC
050 _aHD58.7.R62
100 _aRobbins, Stephen P.
245 _aOrganizational behavior. /
_cStephen P. Robbins and Tim A. Judge.
250 _a13th ed.
260 _aUpper Saddle river, NJ. :
_bPearson prentice hall,
_c2009.
300 _a716 p. :
_bill. ;
_c28 cm.
500 _aIncludes indexes.
505 _aContents: 1: Introduction: What is organizational behavior? -- 2: The individual: Foundations of individual behavior -- Attitudes and job satisfactory -- Personality and values -- Perception and individual decision making -- Motivation concepts -- Motivation: from concepts to applications -- Emotions and moods -- 3: The group: Foundations of group behavior -- Understanding work teams -- Communication -- Basic approaches to Leadership -- Contemporary issues in leadership -- Power and politics -- Conflict and negotiation -- 4: The organization system: Foundations of organization structure -- Organizational culture -- Human resource policies and practice -- 5. Organizational dynamics: Organizational change and stress management --
700 _aJudge, Timothy A.
942 _2lcc
_cBK
999 _c8564
_d16064